| 000 | 00932nam a2200241 i 4500 | ||
|---|---|---|---|
| 001 | bg | ||
| 245 | 1 | 0 |
_aZanieczyszczenie środowiska hałasem w świetle badań WIOŚ w 1999 roku / _czesp. aut. Radosław J. Kucharski [et al.] ; [Inspekcja Ochrony Środowiska]. |
| 260 |
_aWarszawa : _bGłówny Inspektorat Ochrony Środowiska, _c2000. |
||
| 300 |
_a104 s., [5] k.tabl.złoż. : _bil.kolor. ; _c24 cm. |
||
| 490 | 1 | _aBiblioteka Monitoringu Środowiska | |
| 650 | 9 |
_aHałas _xpomiary _zPolska _yod 1989 r. |
|
| 650 | 9 |
_aŚrodowisko człowieka _xhigiena i ochrona _xzagadnienia _zPolska _yod 1989 r. |
|
| 700 | 1 | _aKUCHARSKI, Radosław Jacek | |
| 710 | 0 | _aInspekcja Ochrony Środowiska | |
| 830 | _aBiblioteka Monitoringu Środowiska | ||
| 020 | _a8372171173 | ||
| 040 | _cBPK | ||
| 041 | 0 | _apl | |
| 080 | _a504.05:534.08](438)"1989/..." | ||
| 920 | _a83-7217-117-3 | ||
| 942 | _cKS | ||
| 008 | s pl f |000 0 pol | ||
| 999 |
_c39664 _d39664 |
||
| 856 |
_uhttp://koha.tu.koszalin.pl/cgi-bin/koha/opac-detail.pl?biblionumber=39664 _yKatalog online BPK |
||